000
00232nam a2200097Ia 4500
008
190216s9999||||xx |||||||||||||| ||und||
100
_a
Sudakar Pandey
245
0
_a
Hindi-Prasad Ki Karilayam
260
_b
Hindi Pracharak
942
_c
BK
999
_c
18155
_d
18155